000 01559nabaa22001817a 4500
999 _c6141
_d6141
003 OSt
005 20260122232427.0
008 190701b xxu||||| |||| 00| 0 spa d
040 _cPJ
100 _918
_aCassagne, Juan Carlos
245 1 0 _aSingularidad y fuentes del sistema judicialista argentino :
_balcances de la revisión judicial de la actividad de la administración /
_cJuan Carlos Cassagne.
300 _ap. 223-259
505 _aSumario: I. Introducción: sobre las fuentes del sistema judicialista argentino.— II. Un concepto previo: el acto jurisdiccional de la Administración.— III. Reflexiones sobre el modelo constitucional adoptado y la separación de los poderes.— IV. Excurso acerca del juzgamiento de las causas contencioso-administrativas.— V. La proyección en Iberoamérica de la interdicción al Ejecutivo del ejercicio de las funciones judiciales.— VI. Estructura del sistema constitucional argentino de control judicial de la Administración pública: el judicialismo acentuado o puro como producto de nuestra historia y de los antecedentes hispánicos.—VII. Analogías y diferencias entre el derecho norteamericano y el argentino respecto del control judicial de la actividad de la Administración.— VIII. Conclusiones.
505 _t¿Te interesa el texto completo? Comunicate al correo: koha@justierradelfuego.gov.ar
650 0 _9211
_aDERECHO ADMINISTRATIVO
773 0 _02842
_93251
_dBuenos Aires : AbeledoPerrot, 2012-
_oDA121
_tDerecho administrativo. Nº 149 septiembre/octubre 2023
_z18510590
942 _2udc
_cANA